Finding a clear view (Record no. 82137)

MARC details
000 -LEADER
fixed length control field 01184cab a22002055a 4500
001 - CONTROL NUMBER
control field L149330
008 - FIXED-LENGTH DATA ELEMENTS--GENERAL INFORMATION
fixed length control field 090821e20100609xxk 000 0 eng d
035 ## - SYSTEM CONTROL NUMBER
System control number (Sirsi) u149330
041 0# - LANGUAGE CODE
Language code of text/sound track or separate title eng
100 1# - MAIN ENTRY--PERSONAL NAME
Personal name Crichton, Mariam
245 02 - TITLE STATEMENT
Title Finding a clear view
Remainder of title Interpreting planning constraints can be particularly challenging when they involve ambiguous restrictions such as protected views
Medium [electronic resource]
260 ## - PUBLICATION, DISTRIBUTION, ETC.
Date of publication, distribution, etc. 2010
490 ## - SERIES STATEMENT
Series statement Land Journal
Volume/sequential designation February-March 2010, 6-8(3)
520 ## - SUMMARY, ETC.
Summary, etc. Protected views place a difficult and hard to map planning constraint on projects. They are often not conventionally mapped and are frequently described in complex or opaque ways. An inventive approach is required both to identify protected views (sometimes more than one, overlapping) and to model their impact on a site in three dimensions.
590 ## - LOCAL NOTE (RLIN)
Local note KA
651 #4 - SUBJECT ADDED ENTRY--GEOGRAPHIC NAME
Geographic name United Kingdom
Chronological subdivision
690 ## - LOCAL SUBJECT ADDED ENTRY--TOPICAL TERM (OCLC, RLIN)
Topical term or geographic name as entry element ENVIRONMENTAL AND LAND CONSULTANCY-ENVIRONMENTAL MANAGEMENT-ENVIRONMENTAL CONSERVATION-LANDSCAPE CONSERVATION
856 48 - ELECTRONIC LOCATION AND ACCESS
Uniform Resource Identifier <a href="https://www.rics.org/site/download_feed.aspx?fileID=5761&fileExtension=PDF">https://www.rics.org/site/download_feed.aspx?fileID=5761&fileExtension=PDF</a>
Public note View this item (member-only access) at www.rics.org
942 ## - ADDED ENTRY ELEMENTS (KOHA)
Suppress in OPAC 0
Holdings
Withdrawn status Lost status Source of classification or shelving scheme Damaged status Not for loan Home library Current library Shelving location Date acquired Total Checkouts Full call number Barcode Date last seen Copy number Price effective from Koha item type
    Dewey Decimal Classification     Virtual Virtual Online 19/02/2010   ONLINE PUBLICATION 149330-2001 06/08/2019 1 06/08/2019 Journal article